| 000 | 00000nam 2200000zi 4500 |
| 001 | 9.928258 |
| 003 | CaOODSP |
| 005 | 20240703102707 |
| 006 | m o d f |
| 007 | cr mn||||||||| |
| 008 | 231005s2022 onc o f000 0 eng d |
| 040 | |aCaOODSP|beng|erda|cCaOODSP |
| 043 | |an-cn--- |
| 086 | 1 |aA104-337/2022E-PDF |
| 245 | 04|aThe Safe Food for Canadians Regulations : |bwhat small businesses need to know. |
| 264 | 1|a[Ottawa] : |bCanadian Food Inspection Agency = Agence canadienne d'inspection des aliments, |c[2022] |
| 300 | |a1 online resource (1 page) |
| 336 | |atext|btxt|2rdacontent |
| 337 | |acomputer|bc|2rdamedia |
| 338 | |aonline resource|bcr|2rdacarrier |
| 500 | |aIssued also in French under title: Le Règlement sur la salubrité des aliments au Canada : ce que les petites entreprises doivent savoir. |
| 500 | |a"CFIA P1018E-19." |
| 650 | 0|aFood|xSafety regulations|zCanada. |
| 650 | 0|aFood industry and trade|xSafety regulations|zCanada. |
| 650 | 0|aSmall business|zCanada. |
| 710 | 2 |aCanadian Food Inspection Agency, |eissuing body. |
| 775 | 08|tLe Règlement sur la salubrité des aliments au Canada : |w(CaOODSP)9.928259 |
| 775 | 08|t[The Safe Food for Canadians Regulations] : |w(CaOODSP)9.928260 |
| 775 | 08|tKanadalılar için Güvenli Gıda Mevzuatı : |w(CaOODSP)9.928269 |
| 775 | 08|t[The Safe Food for Canadians Regulations] : |w(CaOODSP)9.928261 |
| 775 | 08|t[The Safe Food for Canadians Regulations] : |w(CaOODSP)9.928262 |
| 775 | 08|tBestimmungen über sichere Lebensmittel für Kanadierinnen und Kanadier : |w(CaOODSP)9.928263 |
| 775 | 08|t[The Safe Food for Canadians Regulations] : |w(CaOODSP)9.928264 |
| 775 | 08|t[The Safe Food for Canadians Regulations] : |w(CaOODSP)9.928268 |
| 775 | 08|t[The Safe Food for Canadians Regulations] : |w(CaOODSP)9.928265 |
| 775 | 08|tRegulamento Canadense de Segurança dos Alimentos : |w(CaOODSP)9.928266 |
| 775 | 08|tReglamento sobre la salubridad de los alimentos en Canadá : |w(CaOODSP)9.928267 |
| 856 | 40|qPDF|s118 KB|uhttps://publications.gc.ca/collections/collection_2023/acia-cfia/A104-337-2022-eng.pdf |
| 986 | |aP1018E-19 |